| 000 | 00579nam a2200169 i 4500 | ||
|---|---|---|---|
| 001 | 134529 | ||
| 003 | ES-MaACL | ||
| 005 | 20230906194708.0 | ||
| 007 | t| | ||
| 008 | 070911s1919 it ||||1| ita d | ||
| 100 | 1 |
_aWeber, Max. _9116265 |
|
| 245 | 1 | 0 |
_aParlamento e Governo nel nuovo ordinamento della Germania _b: critica politica della burocracia e della vita dei partiti / _cMax Weber ; traduzione e prefazione di Enrico Ruta. |
| 260 |
_aBari : _bGius Laterza, _c1919. |
||
| 300 |
_aXX, 198 p. ; _c20 cm. |
||
| 700 | 1 |
_aRuta, Enrico. _9101063 |
|
| 852 |
_aES-MaACL _jF-7423 |
||
| 999 |
_c134529 _d134529 |
||